| 000 | 00958nas a2200337 4500 | ||
|---|---|---|---|
| 001 | BR9804536 | ||
| 003 | BR-BrBNA | ||
| 005 | 20231205101103.0 | ||
| 007 | ta | ||
| 008 | 230509b bl.|||p| |||| 00| 00por d | ||
| 040 |
_aBR-BrBNA _bpor _cBiblioteca Nacional de Agricultura |
||
| 041 | _a(Pt) | ||
| 072 | _aQ04 | ||
| 100 | 1 | _aVallilo, M.I. | |
| 100 | 1 | _aTavares, M. | |
| 100 | 1 | _aPimentel, S.A. | |
| 100 | 1 | _aBadolato, E.S.G. | |
| 100 | 1 | _aInomata, E.I. | |
| 245 | 1 | _aCaracterizacao quimica parcial das sementes de Lecythis pisonis Camb. (sapucaia) | |
| 650 | _aSapucaia Vermelha | ||
| 650 | _aSemente | ||
| 650 | _aAmendoa | ||
| 650 | _aComposicao Quimica | ||
| 650 | _aAcido Graxo | ||
| 650 | _aMetal Pesado | ||
| 650 | _aValor Nutritivo | ||
| 650 | _aSao Paulo | ||
| 773 | 0 |
_tActa Amazonica (Brazil) _xISSN 0044-5967 _g(Jun 1998), v. 28(2) p. 131-140 _wBR9804536 |
|
| 909 |
_a202311 _bLúcia _c55 _dLúcia Elande |
||
| 942 |
_2AGRIS _n0 _cANA |
||
| 999 |
_c159644 _d159644 |
||